Finnish Industrial Desing (Record no. 940)

MARC details
000 -CABECERA
campo de control de longitud fija 00747nam a2200205 a 4500
001 - NÚMERO DE CONTROL
campo de control BRCA_1061
005 - FECHA Y HORA DE LA ÚLTIMA TRANSACCIÓN
campo de control 20190320203249.0
008 - DATOS DE LONGITUD FIJA--INFORMACIÓN GENERAL
campo de control de longitud fija 070508s1987----fi-a---###---#000-0#eng-#
020 ## - NÚMERO INTERNACIONAL ESTÁNDAR DEL LIBRO
Número Internacional Estándar del Libro 9512625539
050 #4 - SIGNATURA TOPOGRÁFICA DE LA BIBLIOTECA DEL CONGRESO
Número de clasificación HF1044.F5
Número de documento/Ítem .F56 1987
245 10 - MENCIÓN DE TÍTULO
Título Finnish Industrial Desing
Mención de responsabilidad, etc. edited by Tuula Poutasuo.
260 ## - PUBLICACIÓN, DISTRIBUCIÓN, ETC.
Lugar de publicación, distribución, etc. Helsinki
Nombre del editor, distribuidor, etc. Kirjayhtymñc1987
300 ## - DESCRIPCIÓN FÍSICA
Extensión 159 p.
Otras características físicas il. (algunas a color)
Dimensiones 25 cm.
500 ## - NOTA GENERAL
Nota general Catálogo de la sexta exposición finlandesa de diseño dedicada al diseño industrial (Helsinki), 21 mayo-9 agosto, 1987
650 14 - PUNTO DE ACCESO ADICIONAL DE MATERIA--TÉRMINO DE MATERIA
Término de materia o nombre geográfico como elemento de entrada Diseño
Subdivisión geográfica Finlandia
9 (RLIN) 3494
650 14 - PUNTO DE ACCESO ADICIONAL DE MATERIA--TÉRMINO DE MATERIA
Término de materia o nombre geográfico como elemento de entrada Decoración y ornamentación
Subdivisión geográfica Finlandia
9 (RLIN) 3495
650 14 - PUNTO DE ACCESO ADICIONAL DE MATERIA--TÉRMINO DE MATERIA
Término de materia o nombre geográfico como elemento de entrada Decoración de interiores
Subdivisión geográfica Finlandia
9 (RLIN) 3496
700 1# - PUNTO DE ACCESO ADICIONAL--NOMBRE DE PERSONA
Nombre de persona Poutasuo, Tuula
9 (RLIN) 2817
942 ## - ELEMENTOS DE PUNTO DE ACCESO ADICIONAL (KOHA)
Fuente del sistema de clasificación o colocación Library of Congress Classification
Tipo de ítem Koha Libros
Holdings
Estado de retiro Estado de pérdida Estado dañado No para préstamo Localización permanente Ubicación/localización actual Fecha de adquisición Total de préstamos Signatura topográfica completa Código de barras Fecha visto por última vez Precio válido a partir de Tipo de ítem Koha
El ejemplar forma parte de la colección y puede ser consultado según las políticas vigentes.       Biblioteca del Museo Franz Mayer (Rogerio Casas-Alatriste) Biblioteca del Museo Franz Mayer (Rogerio Casas-Alatriste) 26/06/2008   HF1044.F5 .F56 1987 01548 22/03/2019 22/03/2019 Libros